Living together and Christian ethics

This book is the first positive, in-depth study of cohabitation outside marriage from a mainstream Christian theological perspective. The book retrieves the traditions of betrothal from the bible and church history, and shows how these can transform Christian attitudes to living together before marr...

Ful tanımlama

Kaydedildi:
Detaylı Bibliyografya
Yazar: Thatcher, Adrian
Materyal Türü: Kitap
Dil:Undetermined
Baskı/Yayın Bilgisi: Cambridge, UK Cambridge University Press 2002
Konular:
Etiketler: Etiketle
Etiket eklenmemiş, İlk siz ekleyin!
Thư viện lưu trữ: Trung tâm Học liệu Trường Đại học Cần Thơ
LEADER 01203nam a2200217Ia 4500
001 CTU_166712
008 210402s9999 xx 000 0 und d
020 |c 37 
082 |a 248.4 
082 |b T367 
100 |a Thatcher, Adrian 
245 0 |a Living together and Christian ethics 
245 0 |c Adrian Thatcher 
260 |a Cambridge, UK 
260 |b Cambridge University Press 
260 |c 2002 
520 |a This book is the first positive, in-depth study of cohabitation outside marriage from a mainstream Christian theological perspective. The book retrieves the traditions of betrothal from the bible and church history, and shows how these can transform Christian attitudes to living together before marriage. It takes issue with theologians who marginalize marriage, and suggests that the recognition of marital values can act as a helpful bridge between Christian teaching and people who are not formally married. 
650 |a Marriage,Unmarried couples,Hôn nhân 
650 |x Religious aspects,Christianity,Religious aspects,Christianity,Khía cạnh tôn giáo,Đạo Thiên chúa 
904 |i Trọng Hiếu 
980 |a Trung tâm Học liệu Trường Đại học Cần Thơ